Catálogo público

Efectividad biológica del fungicida Antracol 70 WP en el control del mildiú velloso (Peronospora sparsa) en el cultivo de rosal ( Rosa spp. var. vendela) Villa Guerrero, Estado de México / (Record no. 111657)

MARC details
000 -CABECERA
campo de control de longitud fija 01376nam a2200337 a 4500
001 - NÚMERO DE CONTROL
campo de control 000115196
003 - IDENTIFICADOR DEL NÚMERO DE CONTROL
campo de control CHAP
005 - FECHA Y HORA DE LA ÚLTIMA TRANSACCIÓN
campo de control 20220329144522.0
008 - DATOS DE LONGITUD FIJA--INFORMACIÓN GENERAL
campo de control de longitud fija 181126s2018 mx a sm |||||||spa d
010 ## - NÚMERO DE CONTROL DE LA BIBLIOTECA DEL CONGRESO
Número de control de LC 111657
011 ## - ENLACE DEL NUMERO DE CONTROL DE LA BIBLIOTECA DEL CONGRESO [OBSOLETO]
Número de control de LC 112629
040 ## - FUENTE DE LA CATALOGACIÓN
Centro/agencia transcriptor CHAP
090 ## - LOCALMENTE ASIGNADO TIPO-LC NÚMERO DE CLASIFICACIÓN (OCLC); NÚMERO DE CLASIFICACIÓN LOCAL (RLIN)
Número de clasificación (OCLC) (R) ; Numero de clasificación, CALL (RLIN) (NR) Tesis
100 1# - ENTRADA PRINCIPAL--NOMBRE DE PERSONA
Nombre de persona Serrano Espinosa, Carlos Enrique.
9 (RLIN) 136184
245 10 - MENCIÓN DE TÍTULO
Título Efectividad biológica del fungicida Antracol 70 WP en el control del mildiú velloso (Peronospora sparsa) en el cultivo de rosal ( Rosa spp. var. vendela) Villa Guerrero, Estado de México /
Medio [En línea]
Mención de responsabilidad, etc. por Carlos Enrique Serrano Espinosa.
260 ## - PUBLICACIÓN, DISTRIBUCIÓN, ETC.
Lugar de publicación, distribución, etc. Chapingo, Méx. :
Nombre del editor, distribuidor, etc. El autor,
Fecha de publicación, distribución, etc. 2018.
500 ## - NOTA GENERAL
Nota general Para ver el contenido del material haga clic en la liga
502 ## - NOTA DE TESIS
Nota de tesis Tesis (Ing. Agr. Esp. en Parasitología Agrícola) -- UACH. Departamento de Parasitología Agrícola
590 ## - NOTA LOCAL (RLIN)
Nota local BATCH-UPD
Procedencia (VM) [OBSOLETO] 10
Condición del los carretes individuales (VM) [OBSOLETO] 20190619
-- UCH01
-- 1034
590 ## - NOTA LOCAL (RLIN)
Nota local E11695DGD
Procedencia (VM) [OBSOLETO] 10
Condición del los carretes individuales (VM) [OBSOLETO] 20190619
-- UCH01
-- 1033
590 ## - NOTA LOCAL (RLIN)
Nota local E8697GMM
Procedencia (VM) [OBSOLETO] 05
Condición del los carretes individuales (VM) [OBSOLETO] 20181126
-- UCH01
-- 1205
590 ## - NOTA LOCAL (RLIN)
Nota local E8697GMM
Procedencia (VM) [OBSOLETO] 05
Condición del los carretes individuales (VM) [OBSOLETO] 20181126
-- UCH01
-- 1208
590 ## - NOTA LOCAL (RLIN)
Nota local E8697GMM
Procedencia (VM) [OBSOLETO] 05
Condición del los carretes individuales (VM) [OBSOLETO] 20181203
-- UCH01
-- 1232
590 ## - NOTA LOCAL (RLIN)
Nota local E8697GMM
Procedencia (VM) [OBSOLETO] 05
Condición del los carretes individuales (VM) [OBSOLETO] 20190517
-- UCH01
-- 1430
650 14 - PUNTO DE ACCESO ADICIONAL DE MATERIA--TÉRMINO DE MATERIA
Término de materia o nombre geográfico como elemento de entrada Rosas
Subdivisión general Enfermedades por hongos.
9 (RLIN) 99968
650 14 - PUNTO DE ACCESO ADICIONAL DE MATERIA--TÉRMINO DE MATERIA
Término de materia o nombre geográfico como elemento de entrada Rosas
Subdivisión general Variedades.
9 (RLIN) 99992
856 ## - LOCALIZACIÓN Y ACCESO ELECTRÓNICOS
Nombre del host Finding aid
Identificador Uniforme del Recurso <a href="http://10.13.5.2/tesis/sist115196.pdf">http://10.13.5.2/tesis/sist115196.pdf</a>
Nota pública Teclea aquí
901 ## - ELEMENTOS DE DATOS A LOCAL LDA (RLIN)
a BK
942 ## - ELEMENTOS DE PUNTO DE ACCESO ADICIONAL (KOHA)
Tipo de ítem Koha Tesis
942 ## - ELEMENTOS DE PUNTO DE ACCESO ADICIONAL (KOHA)
Suprimir en OPAC 0
Holdings
Estado de retiro Estado de pérdida Estado dañado Restricciones de uso No para préstamo Código de colección Localización permanente Ubicación/localización actual Fecha de adquisición Información codificada de la localización en otra ubicación Total de préstamos Signatura topográfica completa Código de barras Fecha visto por última vez Precio válido a partir de Tipo de ítem Koha Nota pública Fuente del sistema de clasificación o colocación
      Préstamo interno2 Excluido de préstamo Tesis Biblioteca Central Biblioteca Central 26/11/2018 TESIS   Tesis 115204-10 31/12/2019 31/12/2019 Tesis Recien adquirido  
          Tesis digitales de Licenciatura Biblioteca Digital Biblioteca Digital 06/02/2023         06/02/2023 06/02/2023 Tesis digital   Dewey Decimal Classification